000
00401nam a22001337a 4500
003
SGT
020
_a
9789351863229
082
_a
301.2
_b
S16S
100
_a
स्वरुप, देवेंद्र
245
_a
सभ्यताओं के संघर्ष में भारत कहाँ!
260
_b
राजकमल प्रकाशन
_c
2018
300
_a
317
942
_2
ddc
_c
BK
999
_c
29350
_d
29350